000
00228nam a22000857a 4500
008
160912b xxu||||| |||| 00| 0 eng d
100
_9
404
_a
Sharma R.D
245
_a
Mathematics-VIII
260
_a
New Delhi
_b
Dhanpat Rai publication
_c
2009
999
_c
3062
_d
3062